Imputación penal de las personas jurídicas y programas de cumplimiento (Registro nro. 22419)

Detalles MARC
000 -LEADER
fixed length control field 00372 a2200109 4500
001 - CONTROL NUMBER
control field ART_47442
005 - DATE AND TIME OF LATEST TRANSACTION
control field 20260410161822.0
008 - FIXED-LENGTH DATA ELEMENTS--GENERAL INFORMATION
fixed length control field 260409a
100 1# - MAIN ENTRY--PERSONAL NAME
Personal name Robiglio, Carolina L.
245 10 - TITLE STATEMENT
Title Imputación penal de las personas jurídicas y programas de cumplimiento
773 0# - HOST ITEM ENTRY
Title Doctrina Penal Tributaria y Económica
Related parts - N° 49 (sep. 2018)
Record control number REV4317

No hay ítems disponibles.